000 00433nam a2200157Ia 4500
008 140609s9999 xx 000 0 und d
020 _a9781602601925
050 _aBV 4596.T43
_b.Sh58 2008
100 _aShumway, Denise.
245 _aPower prayers for teachers /
_cDenise Shumway
260 _aUhrichsville, Ohio :
_bBarbour Pub.,
_cc2008.
300 _a221 p. ;
_c18 cm.
521 _aGE
942 _kFOR
_cBK
999 _c118104
_d118104